Slasti a strasti Číny
Ďalší rast čínskeho hospodárstva na začiatku r. 1997. Stabilná konjunkturálna expanzia Číny. Problémové štátne podniky. Štvrtina populácie pod hranicou chudoby. Stále nejasný vstup Číny do Svetovej obchodnej organizácie.
Salvato in:
| Natura: | Capitolo di libro |
|---|---|
| Lingua: | slovacco |
| Soggetti: | |
| Tags: |
Nessun Tag, puoi essere il primo ad aggiungerne!!
|
MARC
| LEADER | 00000naa a2200000 4500 | ||
|---|---|---|---|
| 001 | r026033 | ||
| 005 | 20230824090353.9 | ||
| 041 | 0 | |a slo | |
| 044 | |a SK | ||
| 245 | 1 | 0 | |a Slasti a strasti Číny |
| 520 | |a Ďalší rast čínskeho hospodárstva na začiatku r. 1997. Stabilná konjunkturálna expanzia Číny. Problémové štátne podniky. Štvrtina populácie pod hranicou chudoby. Stále nejasný vstup Číny do Svetovej obchodnej organizácie. | ||
| 610 | 2 | 0 | |a Čína |
| 610 | 2 | 0 | |a 1997 |
| 610 | 2 | 0 | |a situácia hospodárska |
| 610 | 2 | 0 | |a rast hospodársky |